Регионална библиотека "Любен Каравелов" - Русе

Природните бедствия (Запис номер 96567)

MARC детайли
000 -Лидер
Контролно поле с фиксирана дължина 01890nam a2200337 c 4500
003 - Код на организацията, давaща контролен номер
Контролно поле BLK
005 - Дата и час на последна редакция
Контролно поле 20230518112456.0
008 - Елементи от данни с фиксирана дължина
fixed length control field 180409b bul|||||r ||||||| ||bul||
010 ## - Наследен системен номер
LC control number KNG00101467000
020 ## - Международен стандартен номер на книга ISBN
Международен стандартен номер на книга ISBN 954-459-927-4
040 ## - Източник на каталожния запис
Идентификатор на билиотеката - собственик на записа BLK
041 ## - Код за език
Код за езика на текст/звукозапис или на отделно заглавие Български
Код за езика КДБФ Български
080 ## - УДК
Текстов определител УДК Природна среда и опасност от нарушаване на равновесието в нея(в цялост)-Фактори, влияещи на равновесието;опасност за природната среда от страна на селското стопанство и промишлеността (освен замърсяв
УДК код - определител по УДК 502.5
УДК определител (035)
УДК - код + определител 502.5(035)
100 1# - Редна дума - Автор
Автор Нюсън, Джойс Е.
Авторска отговорност първи автор
R(LIN) 104054
139 ## - Редно поле
Редна дума Нюсън, Джойс Е.
Авторски знак Ню - Н 98
245 10 - Сведения за заглавието
Заглавие Природните бедствия
Подзаглавни данни Детска енциклопедия
Редно поле (дума) Джойс Е. Нюсън; прев. от итал. Елица Делчева-Владимирова.
257 ## - Страна на издаване
Страна на създаване/издаване Италия
260 ## - Област на издателските данни
Име на издателя, разпространителя и проч. Хермес
Година на издаване 2002
Печатница Пловдив : Полиграфюг
Място на издаване, разпространение и проч. София
300 ## - Физическа характеристика
Страници 32 с.
Размери/Мащаб 26 см
380 ## - Жанр
Жанр Естествени науки. Математика
490 1# - СЕРИИ (Колекции)
Име на серия Детска енциклопедия Да научим повече за...
500 ## - Общи забележки
Забележка Прев. по Disastir / Joycce E. Newson. - Авт. не е отбелязан на кор. ; Други ил. Н. Фалескини, А. Мескини, А. Маранди, А. Кантучи, И. Сталио. - Предм. показалец.
650 #4 - Допълнително описание по предмет – тема
Основно описание – тема или топоним Природни бедствия
9 (RLIN) 260341
653 ## - Ключова дума – ненормативна
Ключова дума природни бедствия
700 1# - Други автори (авторска отговорност)
Лично име Делчева-Владимирова, Елица
Автороска отговорност (Описва отношението между автора и произведението) прев. от итал.
9 (RLIN) 306845
852 ## - Местоположение
Форматна сигнатура Цб ІІ 11588
856 4# - Електронен адрес и достъп
Електронен формат pdf - файл
856 4# - Електронен адрес и достъп
Електронен формат pdf - файл
999 ## - СИСТЕМНИ КОНТРОЛНИ НОМЕРА
Koha biblionumber 96567
Koha biblioitemnumber 96567
942 ## - АРТИКУЛИ
Вид на библиотечния материал Книги
Скрит в OPAC Не
Koha issues (borrowed), all copies 6
Периодичен библиозапис Да
944 ## - СЪЗДАВАНЕ И РЕДАКЦИЯ на ЗАПИСА
Създаване/Редакция Създаване
Дата на регистрацията/редакция 01.01.2002
Служител, извършил регистрацията/редакцията Цветанка_Енчева
944 ## - СЪЗДАВАНЕ И РЕДАКЦИЯ на ЗАПИСА
Създаване/Редакция Редакция
Дата на регистрацията/редакция 15.12.2004
999 ## - СИСТЕМНИ КОНТРОЛНИ НОМЕРА
Koha biblioitemnumber 96567
Наличности
Код за отписване Код за изгубен артикул Код за повреда Коз за рестрикции Код за отдаване Артикулен № Име на библиотеката - собственик Име на библиотеката, в която се намира в момента Статус (Текущо местоположение) Дата на вписване в системата Местоположение - отдел Цена в лева Инвентарен номер Систематично азбучна сигнатура Баркод Номер на екземпляра Цена в евро Служебна бележка Служебен тип на артикула Източник на класификационната схема
  Не е изгубен Не е повреден без рестрикции заемане за дома 154967 Регионална библиотека "Любен Каравелов" Русе Регионална библиотека "Любен Каравелов" Русе Детски отдел 2002-05-21 Детски отдел 4.00 120000670030 Д 50/Н 98 120000670030 1 2.05 Дост: Pk Вид: Ф N: 15 Дата: 20.05.2002 Дата инв: 19.08.2015 Бележки инв: Д2015 Книги  
Изтеглен Не е изгубен Не е повреден без рестрикции заемане за дома 154968 Регионална библиотека "Любен Каравелов" Русе Регионална библиотека "Любен Каравелов" Русе Детски отдел 2002-12-11 Детски отдел 4.00 120000673880 Д 50/Н 98 120000673880 2 2.05 Дост: Pk Вид: Ф N: 46 Дата: 11.12.2002 Дата инв: 19.08.2015 Бележки инв: Д2015 Книги  
  Не е изгубен Не е повреден само за читалня ползва се в читалня 154969 Регионална библиотека "Любен Каравелов" Русе Регионална библиотека "Любен Каравелов" Русе Хранилище 2003-01-21 Хранилище 4.00 120000674235 Цб II 11588 120000674235 3 2.05 Дост: Dp Вид: Д N: 16 Дата: 03.04.2002 Книги Universal Decimal Classification
Vip Innovations Ltd, Rousse, Bulgaria 2025